Personnages Super Smash Bros Ultimate - Statistiques

Statistiques générales
  • Ce quiz a été pris 640 fois
    352 depuis la dernière actualisation
  • Le résultat moyen est 64 sur 88
Statistiques - réponses
Personnages % Correct
01 Mario
99%
03 Link
96%
09 Luigi
96%
13 Peach
94%
08 Pikachu
94%
02 Donkey Kong
92%
04 Samus
92%
06 Kirby
91%
13ε Daisy
90%
14 Bowser
89%
17 Zelda
89%
07 Fox
85%
04ε Samus Sombre
84%
30 Wario
83%
19 Pichu
82%
05 Yoshi
82%
20 Falco
81%
23 Ganondorf
81%
10 Ness
81%
77 Steve
81%
11 Captain Falcon
80%
22 Link Enfant
80%
21ε Lucina
80%
25 Roy
80%
36 Diddy Kong
79%
43 Link Cartoon
78%
21 Marth
78%
12 Rondoudou
78%
24 Mewtwo
76%
28 Pit
76%
37 Lucas
75%
50 Amphinobi
74%
58 Bowser Jr.
74%
69 Félinferno
74%
28ε Pit Maléfique
74%
29 Samus sans Armure
74%
16 Sheik
74%
44 Wolf
74%
41 Lucario
73%
82 Sora
73%
33 Carapuce
72%
35 Dracaufeu
72%
32 Ike
72%
71 Joker
72%
60ε Ken
72%
27 Meta Knight
72%
81 Kazuya
70%
79-80 Pyra / Mythra
70%
65 Ridley
70%
39 Roi Dadidou
70%
60 Ryu
70%
38 Sonic
70%
25ε Chrom
69%
61 Cloud
69%
34 Herbizarre
68%
54 Palutena
68%
63 Bayonetta
67%
67 King K. Rool
67%
55 Pac-Man
67%
73 Banjo-Kazooie
66%
68 Marie
66%
76 Min min
66%
42 R.O.B.
66%
31 Snake
66%
45 Villageois
66%
18 Dr Mario
65%
26 Mr Game & Watch
65%
75 Byleth
64%
48 Harmonie & Luma
64%
78 Sephiroth
64%
15 Ice Climbers
63%
70 Plante Piranha
63%
40 Olimar
62%
74 Terry
62%
46 Mega Man
61%
62 Corrin
60%
66 Simon
60%
56 Daraen
59%
64 Inkling
59%
66ε Richter
59%
47 Entraîneuse Wii Fit
56%
72 Héros
54%
59 Duo Duck Hunt
53%
49 Little Mac
53%
52 Mii Épéiste
53%
53 Mii Tireur
52%
57 Shulk
52%
51 Mii Boxeur
49%
Aucun quiz correspondant
Distribution des résultats
% des personnes avec chaque résultat
Percentile par nombre de réponses
Votre historique - résultats
Vous n’avez pas pris ce quiz depuis la dernière actualisation